部首为革的常见中文汉字 Common Chinese characters with the radical “Leather” - Statistics

General Stats
  • This quiz has been taken 17 times
  • The average score is 7 of 22
Answer Stats
拼音首字母 笔画数 汉字 % Correct
ɡ 9
88%
a 15
82%
x 15
71%
b 18
65%
d 15
53%
j 13
53%
d 14
47%
j 18
47%
x 13
41%
b 13
35%
y 14
35%
j 17
29%
q 16
29%
r 18
29%
ɡ 19
18%
b 19
12%
m 16
12%
b 17
0%
c 22
0%
d 18
0%
j 18
0%
q 15
0%
No matching quizzes found
Score Distribution
Percent of People with Each Score
Percentile by Number Answered
Your Score History
You have not taken this quiz